Asamar itihas (1228-1826) / (Record no. 9926)

MARC details
000 -LEADER
fixed length control field 00610cam a2200217ua 4500
005 - DATE AND TIME OF LATEST TRANSACTION
control field 20201205140234.0
008 - FIXED-LENGTH DATA ELEMENTS--GENERAL INFORMATION
fixed length control field 190731n ii |||gr||||Z||||||asm
020 ## - INTERNATIONAL STANDARD BOOK NUMBER
International Standard Book Number 9789387956810
040 ## - CATALOGING SOURCE
Transcribing agency MAIN
Original cataloging agency IN-DiNC
082 ## - DEWEY DECIMAL CLASSIFICATION NUMBER
Classification number 954.162
Item number HUS
100 ## - MAIN ENTRY--PERSONAL NAME
Personal name Hussain, Tassadduque Amanul,
Relator term Author
245 ## - TITLE STATEMENT
Title Asamar itihas (1228-1826) /
Statement of responsibility, etc. By Tassadduque Amanul Hussain
250 ## - EDITION STATEMENT
Edition statement 1st ed.
260 ## - PUBLICATION, DISTRIBUTION, ETC.
Place of publication, distribution, etc. Dibrugarh:
Name of publisher, distributor, etc. Banalata,
Date of publication, distribution, etc. 2019.
300 ## - PHYSICAL DESCRIPTION
Extent 232p.
650 ## - SUBJECT ADDED ENTRY--TOPICAL TERM
Topical term or geographic name entry element History
650 ## - SUBJECT ADDED ENTRY--TOPICAL TERM
Topical term or geographic name entry element History of Assam 1228-1826
942 ## - ADDED ENTRY ELEMENTS (KOHA)
Koha item type Books
Source of classification or shelving scheme Dewey Decimal Classification
653 ## - INDEX TERM--UNCONTROLLED
Uncontrolled term South Asia India
653 ## - INDEX TERM--UNCONTROLLED
Uncontrolled term History of Assam (1228-1826)
Holdings
Withdrawn status Lost status Damaged status Not for loan Home library Current library Shelving location Date acquired Total Checkouts Full call number Barcode Date due Date last seen Date last checked out Copy number Price effective from Koha item type Source of classification or shelving scheme Collection code Cost, normal purchase price
        Central Library, Naharkatiya College Central Library, Naharkatiya College General Stacks 19/09/2020 14 954.162History of Assam | HUS 28081 10/12/2022 25/11/2022 25/11/2022 1 19/09/2020 Books      
        Central Library, Naharkatiya College Central Library, Naharkatiya College General Stacks 19/09/2020 23 954.162History of Assam | HUS 28082   27/06/2023 19/06/2023 2 19/09/2020 Books      
        Central Library, Naharkatiya College Central Library, Naharkatiya College General Stacks 19/09/2020 16 954.162History of Assam | HUS 28083   28/11/2022 17/11/2022 3 19/09/2020 Books      
        Central Library, Naharkatiya College Central Library, Naharkatiya College General Stacks 19/09/2020 10 954.162History of Assam | HUS 28084   09/11/2022 05/07/2022 4 19/09/2020 Books      
        Central Library, Naharkatiya College Central Library, Naharkatiya College General Stacks 19/09/2020 20 954.162History of Assam | HUS 28085   28/11/2022 29/10/2022 5 19/09/2020 Books      
        Central Library, Naharkatiya College Central Library, Naharkatiya College General Stacks 05/12/2020 25 954.162 HUS 28411   31/10/2025 14/10/2025 6 05/12/2020 Books Dewey Decimal Classification History 200.00
        Central Library, Naharkatiya College Central Library, Naharkatiya College General Stacks 05/12/2020 6 954.162 HUS 28412 22/11/2021 21/10/2021 21/10/2021 7 05/12/2020 Books Dewey Decimal Classification History 200.00

Naharkatiya College © 2020. All rights reserved.

Powered By